Plantas para la eternidad /

En términos generales, lo más representativo del Antiguo Egipto es su colosal arquitectura y la extraordinaria belleza de sus abundantes murales, estos muy explícitos en cuanto al tema de los entierros. De ellos se desprenden informaciones tan interesantes como el empleo de plantas estupefacientes e...

Full description

Bibliographic Details
Main Author: Casal Aretxabaleta, María Begoña del
Format: Libro
Language:Spanish
Published: Arica Universidad de Tarapacá 2000
Subjects:
Online Access:Acceso electrónico al documento

MARC

LEADER 00000cam a2200000 a 4500
001 028663
003 UAHC_CL
005 20170803122955.0
008 020121s2000 cl 000 spa
040 |a UAHC_CL  |c UAHC_CL  |d UAHC_CL 
100 1 |a Casal Aretxabaleta, María Begoña del 
245 1 0 |a Plantas para la eternidad /  |c María Begoña del Casal Aretxabaleta. 
260 |b Universidad de Tarapacá  |a Arica  |c 2000 
520 |a En términos generales, lo más representativo del Antiguo Egipto es su colosal arquitectura y la extraordinaria belleza de sus abundantes murales, estos muy explícitos en cuanto al tema de los entierros. De ellos se desprenden informaciones tan interesantes como el empleo de plantas estupefacientes en el culto a los dioses y en el rito funerario, algo que daba categoría inmortal y casi divina al finado. Gracias a la atenta observación de estas pinturas y bajorrelieves puede establecerse la necesaria relación entre los restos de las ofrendas a los muertos, hallados en tumbas invioladas del Imperio Nuevo, y los usos que la civilización nilótica hizo, durante los actos luctuosos, de ciertas plantas poseedoras de altos poderes sedantes y alucinógenos: Lactuca, Nymphaea caerulea y Nymphaea alba, Cannabis sativa, Mandrágora officinarum, Solanum dulcamara, Papaver somniferum y Calystegia sepium. Todas ellas unas variantes botánicas que, hábilmente combinadas con otras, específicamente destinadas a contrarrestar sus desagradables efectos tóxicos, fueron pródigamente utilizadas en la confección de collares, guirnaldas, diademas, ofrecidas como alimentos para el Más Allá, e incluso, siendo sus alcaloides parte de ungüentos o cosméticos. 
650 4 |a RELIGION Y CULTURA  |x MUERTE 
856 |u http://www.scielo.cl/scielo.php?script=sci_arttext&pid=S0717-73562001000100026&lng=es&nrm=iso&tlng=es  |3 Acceso electrónico al documento  |y Acceso electrónico al documento 
900 |a CHUNGARA ARICA-01/01 
942 |c BK 
999 |c 28663  |d 28663